| 000 | 02709nam0a2200409 4500 | ||
|---|---|---|---|
| 001 | RU\NLR\BIBL_A\011406533 | ||
| 005 | 20260407200323.0 | ||
| 020 |
_aRU _b5920 _9Сводный каталог листовок первых лет Советской власти (25 октября (7 ноября) 1917 - 1925) Т.3. Листовки советских, партийных, профсоюзных, комсомольских и других организаций Петрограда (Ленинграда) и Петроградской (Ленинградской) губернии |
||
| 035 | _a(NLR Aleph) 011406533 | ||
| 090 |
_a11534994 _c11534994 |
||
| 100 | _a20170615j19210304|||y0rusy50 ca | ||
| 101 | 0 | _arus | |
| 102 | _aRU | ||
| 105 | _ay z 000zy | ||
| 135 | _acrgn 008apada | ||
| 200 | 1 |
_aКо всем членам петроградских профсоюзов. "Товарищи! Снова у подступов Красного Петрограда появились золотые погоны..." _e[листовка _fПетроградский губ. совет профессиональных союзов] |
|
| 210 |
_a[Пг. _cб. и. _d1921, март, 4] |
||
| 215 |
_a1 с. _d31х22 |
||
| 300 | _aПодпись: Петроградский совет профсоюзов | ||
| 325 | 1 | _aКопия доступна в Электронной библиотеке РНБ | |
| 327 | 1 | _aОб организации отпора кронштадтским мятежникам | |
| 517 | 1 | _a"Товарищи! Снова у подступов Красного Петрограда появились золотые погоны..." | |
| 517 | 1 | _aСнова у подступов Красного Петрограда появились золотые погоны... | |
| 540 | 1 | _aОб организации отпора кронштадтским мятежникам | |
| 607 |
_aРСФСР _jЛистовки _xПолитика и управление _y1917 - 1925 _92312782 _3RU\NLR\auth\6601609564 |
||
| 686 | 0 | _aТ3(2)71-313,011 | |
| 711 | 0 | 2 |
_aЛенинградский губернский совет профсоюзов _3RU\NLR\AUTH\8810131126 _9758972 |
| 852 | 0 | 0 |
_aNLR _bФЛ _j14/2 |
| 942 | _cBOOK | ||
| 980 | _aNB | ||
| 981 | 2 | 1 |
_a(21) Листовки _b(21) Листовки 1921 года |
| 981 | 2 | 2 |
_a(22) Материалы по истории России _b(22) История России с 25 октября (7 ноября) 1917 года |